[Event "15th Karpov GM 2014"]
[Site "Poikovsky RUS"]
[Date "2014.05.11"]
[Round "1.1"]
[White "Morozevich, Alexander"]
[Black "Bologan, Viktor"]
[Result "1-0"]
[WhiteTitle "GM"]
[BlackTitle "GM"]
[WhiteElo "2719"]
[BlackElo "2655"]
[WhiteFideId "4116992"]
[BlackFideId "13900048"]
[EventDate "2014.05.11"]

1. Nf3 d5 2. g3 Nf6 3. Bg2 e6 4. O-O Be7 5. b3 O-O 6. c4 c5 7. Bb2 Nc6 8. e3 b6
9. Nc3 Bb7 10. cxd5 Nxd5 11. Nxd5 Qxd5 12. d4 Rad8 13. Ne5 Qxg2+ 14. Kxg2 Nxe5+
15. f3 cxd4 16. exd4 Nc6 17. Rc1 Rd5 18. Rc4 b5 19. Rc2 Bd6 20. Qe2 Ne7 21. Rfc1
Rf5 22. Bc3 h5 23. Bd2 Rd8 24. Rc3 b4 25. Rc4 a5 26. Kf2 g5 27. h4 Bxf3 28. Qxf3
Rxf3+ 29. Kxf3 g4+ 30. Kg2 Kg7 31. Be1 Rb8 32. Bf2 Rb5 33. d5 exd5 34. R4c2 Nf5
35. Rc6 Rb7 36. Rd1 Bxg3 37. Rxd5 Bxf2 38. Rxf5 Bxh4 39. Rxh5 Bd8 40. Rd5 Rb8
41. Kg3 Ra8 42. Rd7 a4 43. Rc4 axb3 44. axb3 Rb8 45. Rxg4+ Kf8 46. Rf4 Be7 47.
Kf3 Rb6 48. Ke4 Re6+ 49. Kd5 Re3 50. Re4 Rxe4 51. Kxe4 Bf6 52. Kd5 Bc3 53. Rb7
Kg7 54. Rb6 Bd2 55. Ra6 Bc3 56. Ra2 Kf6 57. Rg2 Kf5 58. Rf2+ Kg6 59. Ke4 Be1 60.
Rf5 Bc3 61. Rc5 Kf6 62. Rd5 Bb2 63. Rf5+ Kg6 64. Kf4 Bc1+ 65. Kg4 Bd2 66. Rd5
Bc3 67. Rd6+ Kg7 68. Kf5 Kg8 69. Rd1 Kg7 70. Rg1+ Kf8 71. Ke4 Ke7 72. Rf1 Ke6
73. Rf5 Bd2 74. Rb5 Kf6 75. Rb6+ Kg5 76. Rb7 Kg6 77. Ke5 Bc3+ 78. Kd6 Kf6 79.
Rb5 Bd2 80. Kd7 Bc3 81. Ke8 Kg6 82. Rb6+ f6 83. Rb5 Be1 84. Ke7 Bd2 85. Ke6 Be1
86. Rd5 Bc3 87. Rf5 Kg7 88. Rf4 Kf8 89. Rg4 f5 90. Rc4 f4 91. Rxf4+ Ke8 92. Kd6
Bd2 93. Rg4 Bc3 94. Kc5 Kd7 95. Rxb4 Kc7 96. Rf4 1-0

[Event "15th Karpov GM 2014"]
[Site "Poikovsky RUS"]
[Date "2014.05.11"]
[Round "1.3"]
[White "Shirov, Alexei"]
[Black "Saric, Ivan"]
[Result "1/2-1/2"]
[WhiteTitle "GM"]
[BlackTitle "GM"]
[WhiteElo "2703"]
[BlackElo "2666"]
[WhiteFideId "2209390"]
[BlackFideId "14508150"]
[EventDate "2014.05.11"]

1. d4 Nf6 2. c4 g6 3. Nc3 Bg7 4. e4 d6 5. Be2 O-O 6. Nf3 e5 7. O-O exd4 8. Nxd4
Re8 9. f3 Nc6 10. Be3 Nh5 11. Qd2 Nf4 12. Rad1 Nxd4 13. Bxd4 Qg5 14. g3 Bxd4+
15. Qxd4 Nxe2+ 16. Nxe2 b6 17. Nc3 Bb7 18. Nd5 Bxd5 19. cxd5 Re7 20. Kf2 f5 21.
h4 Qh5 22. exf5 Rae8 23. Rd2 Qxf5 24. Kg2 Re2+ 25. Rf2 Re1 26. Qd3 Qe5 27. Rc2
Re7 28. Rc4 b5 29. Rb4 a6 30. a4 bxa4 31. Rxa4 Re2 32. Rxe2 Qxe2+ 33. Qxe2 Rxe2+
34. Kh3 Rxb2 35. Rxa6 Rb5 36. Ra8+ Kf7 37. Rc8 h5 38. Rxc7+ Kf6 39. g4 hxg4+ 40.
fxg4 Rxd5 41. g5+ Ke6 42. Rg7 Rd3+ 43. Kg4 Rd4+ 44. Kg3 Ke5 1/2-1/2

[Event "15th Karpov GM 2014"]
[Site "Poikovsky RUS"]
[Date "2014.05.11"]
[Round "1.4"]
[White "Jakovenko, Dmitry"]
[Black "Eljanov, Pavel"]
[Result "1/2-1/2"]
[WhiteTitle "GM"]
[BlackTitle "GM"]
[WhiteElo "2730"]
[BlackElo "2732"]
[WhiteFideId "4122356"]
[BlackFideId "14102951"]
[EventDate "2014.05.11"]

1. e4 e5 2. Nf3 Nc6 3. Bb5 a6 4. Ba4 Nf6 5. O-O Be7 6. d3 b5 7. Bb3 d6 8. a4 Bd7
9. c3 O-O 10. Re1 Na5 11. Bc2 c5 12. Nbd2 Qb6 13. h3 Rfc8 14. Nf1 Nc6 15. Bg5 h6
16. Bh4 Nh7 17. Ne3 Qd8 18. Bxe7 Qxe7 19. Bb3 Nf6 20. Nd5 Nxd5 21. Bxd5 b4 22.
Nd2 Be6 23. Nc4 Rab8 24. a5 bxc3 25. bxc3 Bxd5 26. exd5 Na7 27. f4 f6 28. fxe5
fxe5 29. Nd2 Nb5 30. Ne4 c4 31. Kh2 Rc7 32. Re3 Rbc8 33. Qd2 Qf7 34. Rae1 Qxd5
35. dxc4 Qxd2 36. Nxd2 Na3 37. Rd3 Rc6 38. Ra1 Nxc4 39. Nxc4 Rxc4 40. Rxd6 R8c6
41. Rd8+ Kf7 42. Rf1+ Ke7 43. Rg8 g5 44. Rh8 Re6 45. Rff8 Kd6 46. Re8 Rxe8 47.
Rxe8 e4 48. Kg1 Kd5 49. Rd8+ Ke5 50. Ra8 Rc6 51. Kf2 h5 52. Re8+ Kf5 1/2-1/2

[Event "15th Karpov GM 2014"]
[Site "Poikovsky RUS"]
[Date "2014.05.11"]
[Round "1.5"]
[White "Bacrot, Etienne"]
[Black "Nepomniachtchi, Ian"]
[Result "1/2-1/2"]
[WhiteTitle "GM"]
[BlackTitle "GM"]
[WhiteElo "2721"]
[BlackElo "2735"]
[WhiteFideId "605506"]
[BlackFideId "4168119"]
[EventDate "2014.05.11"]

1. d4 Nf6 2. c4 g6 3. f3 d6 4. e4 e5 5. Be3 exd4 6. Qxd4 Bg7 7. Qd2 Be6 8. Nc3
Nc6 9. b3 a5 10. Nge2 a4 11. Rb1 axb3 12. axb3 O-O 13. Nf4 Nd7 14. Be2 Nc5 15.
b4 Na4 16. Nb5 Na7 17. Bxa7 Rxa7 18. Nxe6 fxe6 19. O-O Ra8 20. Rbc1 Qe7 21. f4
Rfd8 22. Bg4 c6 23. Nd4 Bxd4+ 24. Qxd4 e5 25. Qe3 exf4 26. Rxf4 Qe5 27. h3 c5
28. bxc5 Nxc5 29. Rd1 Rf8 30. Rxf8+ Rxf8 31. Rd5 Qa1+ 32. Rd1 Qf6 33. e5 Qxe5
34. Qxe5 dxe5 35. Rd5 b6 1/2-1/2

[Event "15th Karpov GM 2014"]
[Site "Poikovsky RUS"]
[Date "2014.05.12"]
[Round "2.2"]
[White "Eljanov, Pavel"]
[Black "Bacrot, Etienne"]
[Result "1/2-1/2"]
[WhiteTitle "GM"]
[BlackTitle "GM"]
[WhiteElo "2732"]
[BlackElo "2721"]
[WhiteFideId "14102951"]
[BlackFideId "605506"]
[EventDate "2014.05.11"]

1. d4 Nf6 2. c4 g6 3. Nc3 Bg7 4. e4 d6 5. Nf3 O-O 6. Be2 e5 7. O-O Nc6 8. d5 Ne7
9. b4 Nh5 10. Re1 f5 11. Ng5 Nf6 12. Bf3 h6 13. Ne6 Bxe6 14. dxe6 c6 15. Ba3
fxe4 16. Bxe4 d5 17. cxd5 cxd5 18. b5 Nxe4 19. Nxe4 dxe4 20. Qxd8 Rfxd8 21. Bxe7
Re8 22. Bc5 Rxe6 23. Be3 a6 24. b6 Rd8 25. Rac1 Kf7 26. Rc4 Red6 27. g4 Rd1 28.
Rxd1 Rxd1+ 29. Kg2 Ke6 30. Kg3 Rg1+ 31. Kh3 Rd1 32. Kg3 1/2-1/2

[Event "15th Karpov GM 2014"]
[Site "Poikovsky RUS"]
[Date "2014.05.12"]
[Round "2.3"]
[White "Shirov, Alexei"]
[Black "Sutovsky, Emil"]
[Result "1/2-1/2"]
[WhiteTitle "GM"]
[BlackTitle "GM"]
[WhiteElo "2703"]
[BlackElo "2642"]
[WhiteFideId "2209390"]
[BlackFideId "2802007"]
[EventDate "2014.05.11"]

1. e4 c5 2. Nf3 d6 3. d4 cxd4 4. Nxd4 Nf6 5. Nc3 a6 6. Be3 Ng4 7. Bc1 Nf6 8. h3
e6 9. g4 h6 10. Bg2 Be7 11. Be3 Nc6 12. f4 Nd7 13. O-O Nxd4 14. Qxd4 O-O 15. Ne2
b5 16. Ng3 Bb7 17. Nh5 e5 18. Qd2 Nf6 19. Nxf6+ Bxf6 20. g5 hxg5 21. fxg5 Be7
22. a4 Qd7 23. axb5 axb5 24. Qd3 Bc6 25. Rxa8 Rxa8 26. Qb3 Qe6 27. Qxe6 fxe6 28.
h4 d5 29. h5 d4 30. Bd2 g6 31. h6 b4 32. Kh2 Bb5 33. Rb1 Rc8 34. Rc1 Kh7 35. Kg3
b3 36. cxb3 Rxc1 37. Bxc1 Bb4 38. Kf3 Bd3 39. Bh3 Bc2 40. Bxe6 d3 41. Ke3 Bc5+
42. Kd2 Bb4+ 43. Ke3 Be7 44. Kf2 Bb4 1/2-1/2

[Event "15th Karpov GM 2014"]
[Site "Poikovsky RUS"]
[Date "2014.05.12"]
[Round "2.4"]
[White "Saric, Ivan"]
[Black "Nepomniachtchi, Ian"]
[Result "1-0"]
[WhiteTitle "GM"]
[BlackTitle "GM"]
[WhiteElo "2666"]
[BlackElo "2735"]
[WhiteFideId "14508150"]
[BlackFideId "4168119"]
[EventDate "2014.05.11"]

1. e4 c5 2. Nf3 d6 3. d4 cxd4 4. Nxd4 Nf6 5. Nc3 a6 6. Be3 e5 7. Nb3 Be7 8. f3
Be6 9. Qd2 h5 10. Nd5 Bxd5 11. exd5 Nbd7 12. Be2 O-O 13. O-O Qb8 14. Kh1 Bd8 15.
c4 Bb6 16. Bxb6 Nxb6 17. f4 e4 18. Nd4 Qc8 19. Rac1 Re8 20. b4 Qd7 21. Nc2 Nc8
22. Ne3 Ne7 23. f5 Rec8 24. Rf4 b5 25. g4 bxc4 26. g5 c3 27. Qd4 Nh7 28. Bxh5
Nxg5 29. h4 Nh7 30. Rg1 f6 31. Qxe4 Kh8 32. Bf7 Qa7 33. Be6 Rc7 34. Nc4 Rd8 35.
Rc1 Qb7 36. Rxc3 Qxb4 37. Rb3 Qc5 38. Rg3 Ng8 39. Qd4 Qb4 40. a3 Qb1+ 41. Kh2
Nh6 42. Qb6 Qxb6 43. Nxb6 Rb8 44. Rc4 Rcb7 45. Nc8 Rb2+ 46. Rg2 R2b3 47. Nxd6
Rxa3 48. Rc7 Ra4 49. Nc4 Nf8 50. d6 Rd8 51. Rgxg7 Ra2+ 52. Kh3 Re2 53. Rge7 Rb8
54. Rb7 Rxb7 55. Rxb7 Nxe6 56. fxe6 Rxe6 57. Re7 1-0

[Event "15th Karpov GM 2014"]
[Site "Poikovsky RUS"]
[Date "2014.05.12"]
[Round "2.5"]
[White "Bologan, Viktor"]
[Black "Jakovenko, Dmitry"]
[Result "0-1"]
[WhiteTitle "GM"]
[BlackTitle "GM"]
[WhiteElo "2655"]
[BlackElo "2730"]
[WhiteFideId "13900048"]
[BlackFideId "4122356"]
[EventDate "2014.05.11"]

1. d4 Nf6 2. c4 e6 3. Nf3 d5 4. Nc3 c6 5. Bg5 h6 6. Bh4 dxc4 7. e4 g5 8. Bg3 b5
9. Be2 Bb7 10. O-O Nbd7 11. Ne5 Bb4 12. Qc2 Nxe5 13. Bxe5 O-O 14. Rad1 Qe7 15.
b3 cxb3 16. axb3 Rac8 17. Bxf6 Qxf6 18. e5 Qg7 19. Ne4 c5 20. Nf6+ Kh8 21. d5
exd5 22. f4 c4 23. Kh1 d4 24. Rxd4 gxf4 25. Bf3 Bxf3 26. gxf3 cxb3 27. Qxb3 Bc3
28. Rxf4 Bxe5 29. Rg1 Rc1 30. Rxc1 Bxf4 31. Nh5 Qg5 32. Qb4 Bd6 33. Qc3+ Be5 34.
f4 Bxc3 35. fxg5 b4 0-1

[Event "15th Karpov GM 2014"]
[Site "Poikovsky RUS"]
[Date "2014.05.13"]
[Round "3.1"]
[White "Morozevich, Alexander"]
[Black "Shirov, Alexei"]
[Result "1/2-1/2"]
[WhiteTitle "GM"]
[BlackTitle "GM"]
[WhiteElo "2719"]
[BlackElo "2703"]
[WhiteFideId "4116992"]
[BlackFideId "2209390"]
[EventDate "2014.05.11"]

1. e4 c5 2. Nf3 Nc6 3. d4 cxd4 4. Nxd4 e5 5. Nb5 d6 6. N1c3 a6 7. Na3 Be7 8. Be3
Nf6 9. Nc4 b5 10. Nb6 Rb8 11. Nxc8 Qxc8 12. Bd3 Nb4 13. O-O Nxd3 14. cxd3 h6 15.
Ne2 d5 16. d4 Bd6 17. Rc1 Qe6 18. Rc6 Nxe4 19. dxe5 Qxe5 20. Bf4 Qe7 21. Bxd6
Nxd6 22. Nf4 O-O 23. Nxd5 Qd8 24. Rxa6 Re8 25. h3 Ne4 26. Nb4 Qc7 27. Qc1 Qc4
28. a3 Qe2 29. Nc6 Rb7 30. Nd4 Qc4 31. Nf3 Rc8 32. Qd1 b4 33. Ra4 Nc5 34. Rxb4
Rxb4 35. axb4 Qxb4 36. Qc2 Rb8 37. Re1 Ne6 38. Re2 Qb3 39. Qxb3 Rxb3 40. Rc2 g5
41. Nd2 Rb5 42. g3 f5 43. Kg2 Kf7 44. b3 h5 45. Kf1 f4 46. Rc4 Rd5 47. Ke2 Nd4+
48. Ke1 fxg3 49. fxg3 Nf5 50. Rc3 g4 51. hxg4 hxg4 52. Nc4 Rd8 53. Kf2 Ke6 54.
Ne3 Nd6 55. Rc6 Kd7 56. Rc2 Rb8 57. Rb2 Rb4 58. Nd5 Rb5 59. Ne3 Rb4 60. Kg2 Re4
61. Nd5 Rd4 62. Nf4 Ne4 63. Rc2 Rd2+ 64. Rxd2+ Nxd2 65. b4 Kc6 66. Nd3 Kb5 67.
Nf2 Kxb4 68. Nxg4 Ne4 1/2-1/2

[Event "15th Karpov GM 2014"]
[Site "Poikovsky RUS"]
[Date "2014.05.13"]
[Round "3.2"]
[White "Sutovsky, Emil"]
[Black "Saric, Ivan"]
[Result "0-1"]
[WhiteTitle "GM"]
[BlackTitle "GM"]
[WhiteElo "2642"]
[BlackElo "2666"]
[WhiteFideId "2802007"]
[BlackFideId "14508150"]
[EventDate "2014.05.11"]

1. e4 e5 2. Nf3 Nc6 3. Bb5 a6 4. Ba4 Nf6 5. O-O Be7 6. Re1 b5 7. Bb3 d6 8. c3
O-O 9. d4 Bg4 10. Be3 exd4 11. cxd4 d5 12. e5 Ne4 13. h3 Bh5 14. Nbd2 Qd7 15. g4
Bg6 16. Nxe4 Bxe4 17. Nd2 Bb4 18. f4 Bxd2 19. Qxd2 f5 20. exf6 Rxf6 21. f5 Re8
22. Bf4 g6 23. Be5 Rxe5 24. dxe5 Nxe5 25. Re3 Qd6 26. Rf1 Kg7 27. Rg3 Nc4 28.
Qf4 Qxf4 29. Rxf4 Nxb2 30. Rf2 Nc4 31. fxg6 hxg6 32. g5 Rd6 33. Re2 c5 34. h4
Rd7 35. Kf1 Rf7+ 36. Ke1 Rf4 37. Bxc4 bxc4 38. Ra3 d4 39. Ra5 d3 40. Re3 c3 41.
Rxc5 d2+ 42. Ke2 Bf3+ 43. Rxf3 Rxf3 44. Rc7+ Kf8 0-1

[Event "15th Karpov GM 2014"]
[Site "Poikovsky RUS"]
[Date "2014.05.13"]
[Round "3.4"]
[White "Bacrot, Etienne"]
[Black "Bologan, Viktor"]
[Result "1/2-1/2"]
[WhiteTitle "GM"]
[BlackTitle "GM"]
[WhiteElo "2721"]
[BlackElo "2655"]
[WhiteFideId "605506"]
[BlackFideId "13900048"]
[EventDate "2014.05.11"]

1. d4 d5 2. Nf3 c6 3. c4 e6 4. Qc2 Nf6 5. g3 Bd6 6. Bg2 O-O 7. Nbd2 Nbd7 8. O-O
Re8 9. Rd1 Qe7 10. e4 Nxe4 11. Nxe4 dxe4 12. Qxe4 e5 13. Bg5 f6 14. Be3 exd4 15.
Qxe7 Bxe7 16. Bxd4 a5 17. Re1 Kf7 18. Bh3 Nf8 19. Bxc8 Raxc8 20. Bb6 a4 21. Rad1
Ra8 22. Kf1 c5 23. Bc7 g5 24. h4 h6 25. Nh2 gxh4 26. gxh4 h5 27. Rd5 Ne6 28. Bg3
Rad8 29. Rxh5 Ng7 30. Rd5 Rxd5 31. cxd5 Rd8 32. Rd1 Nf5 33. Nf3 b5 34. Bc7 Rd7
35. Bf4 Bd6 36. Bxd6 Rxd6 37. h5 Kg7 38. b3 axb3 39. axb3 Kh6 40. Rd3 Ne7 41.
Nd2 f5 42. Re3 Nxd5 43. Re5 Nb4 44. Nf3 Rd5 45. Re6+ Kxh5 46. Rb6 Rd3 47. Ne5
Rxb3 48. Rxb5 Rc3 49. Ke2 Kg5 50. Kd2 Rc2+ 51. Kd1 Rxf2 52. Rxc5 Kf6 53. Nc4 Nd3
54. Rd5 Nf4 55. Ra5 Ng2 56. Nd6 Ne3+ 57. Ke1 Rb2 58. Nxf5 Nxf5 59. Kd1 Ne3+ 60.
Ke1 Nc4 61. Ra4 Ne5 62. Rf4+ Ke6 63. Rf8 Kd5 64. Rd8+ Ke4 65. Re8 Ra2 66. Kd1
Kd3 67. Rd8+ Kc3 68. Rc8+ Nc4 69. Ke1 Rh2 70. Kf1 Kd3 71. Rd8+ Ke4 72. Re8+ Ne5
73. Ke1 Kd4 74. Kf1 Ra2 75. Rd8+ Ke4 76. Re8 Rb2 77. Ke1 Kd4 78. Rd8+ Ke3 79.
Kd1 Nc6 80. Re8+ Kd3 81. Ke1 Nd4 82. Kf1 Nf5 83. Rd8+ Ke3 84. Re8+ Kf3 85. Ke1
Nd6 86. Rf8+ Ke3 87. Kd1 Rh2 88. Kc1 Nb5 89. Re8+ Kd3 90. Rg8 Rc2+ 91. Kd1 Nc3+
92. Ke1 Ne4 93. Kf1 Ke3 94. Kg1 Ra2 95. Re8 Ra6 96. Kg2 Rg6+ 97. Kf1 Rg7 98. Re6
Rf7+ 99. Kg2 Rf2+ 100. Kg1 Rf5 101. Re8 Kf3 102. Ra8 Ke2 103. Ra2+ Kf3 104. Ra3+
Kg4 105. Ra8 Nd2 106. Kg2 Nc4 107. Rg8+ Kf4 1/2-1/2

[Event "15th Karpov GM 2014"]
[Site "Poikovsky RUS"]
[Date "2014.05.13"]
[Round "3.5"]
[White "Nepomniachtchi, Ian"]
[Black "Eljanov, Pavel"]
[Result "1/2-1/2"]
[WhiteTitle "GM"]
[BlackTitle "GM"]
[WhiteElo "2735"]
[BlackElo "2732"]
[WhiteFideId "4168119"]
[BlackFideId "14102951"]
[EventDate "2014.05.11"]

1. c4 Nf6 2. Nc3 e5 3. Nf3 Nc6 4. g3 Bb4 5. Bg2 O-O 6. O-O d6 7. d3 h6 8. e4 a6
9. h3 Bc5 10. Kh2 Rb8 11. a4 a5 12. Ng1 Nd4 13. f4 c6 14. Nf3 Nd7 15. f5 Nxf3+
16. Qxf3 Bd4 17. Ne2 Bc5 18. g4 b5 19. cxb5 cxb5 20. Qg3 bxa4 21. h4 f6 22. Rxa4
Ba6 23. Rf3 Kf7 24. Ra2 Rh8 25. Qe1 Bb4 26. Qd1 Nc5 27. Rh3 Qc7 28. Ra1 a4 29.
Be3 Qc6 30. Nc1 Ba5 31. Bxc5 dxc5 32. Qxa4 Qxa4 33. Rxa4 Bd2 34. Rxa6 Bxc1 35.
Ra7+ Kg8 36. Kg3 Rxb2 37. Kf3 Kh7 38. Rh1 Rd8 39. Bf1 Rc2 40. g5 fxg5 41. f6
gxh4 42. Rxg7+ Kh8 43. Rxh4 Rf8 44. Rg6 Kh7 1/2-1/2

[Event "15th Karpov GM 2014"]
[Site "Poikovsky RUS"]
[Date "2014.05.14"]
[Round "4.1"]
[White "Saric, Ivan"]
[Black "Eljanov, Pavel"]
[Result "1-0"]
[WhiteTitle "GM"]
[BlackTitle "GM"]
[WhiteElo "2666"]
[BlackElo "2732"]
[WhiteFideId "14508150"]
[BlackFideId "14102951"]
[EventDate "2014.05.11"]

1. e4 c6 2. d4 d5 3. e5 Bf5 4. h4 h5 5. Bd3 Bxd3 6. Qxd3 e6 7. Bg5 Be7 8. Nf3
Nh6 9. Nbd2 Nf5 10. Nf1 Qa5+ 11. c3 Qa6 12. Qc2 Nd7 13. Ne3 g6 14. b4 b6 15. a4
c5 16. b5 Qc8 17. Bxe7 Nxe7 18. O-O cxd4 19. cxd4 Qxc2 20. Nxc2 Nf5 21. Nb4 O-O
22. Rfc1 Rfc8 23. Kf1 Kf8 24. g3 f6 25. exf6 Nxf6 26. Rxc8+ Rxc8 27. Nc6 Ne7 28.
Nfe5 Nxc6 29. Nxc6 a5 30. f3 Ne8 31. Re1 Kf7 32. Ne5+ Kf6 33. Nd7+ Kf7 34. Ne5+
Kg7 35. Nc6 Kf7 36. Ke2 Nd6 37. g4 hxg4 38. fxg4 Ne4 39. Ke3 Rh8 40. Rh1 Kg7 41.
h5 gxh5 42. gxh5 Kh6 43. Kf4 Nf2 44. Rb1 Kxh5 45. Ke5 Kg5 46. Rg1+ Ng4+ 47. Kd6
Kf4 48. Kc7 e5 49. Rxg4+ Kxg4 50. Nxe5+ Kf5 51. Kxb6 Ke6 52. Ka7 Rh7+ 53. Ka6
Kd6 54. b6 Rh1 55. b7 Rb1 56. Nd3 1-0

[Event "15th Karpov GM 2014"]
[Site "Poikovsky RUS"]
[Date "2014.05.14"]
[Round "4.2"]
[White "Shirov, Alexei"]
[Black "Jakovenko, Dmitry"]
[Result "1/2-1/2"]
[WhiteTitle "GM"]
[BlackTitle "GM"]
[WhiteElo "2703"]
[BlackElo "2730"]
[WhiteFideId "2209390"]
[BlackFideId "4122356"]
[EventDate "2014.05.11"]

1. d4 d5 2. c4 c6 3. Nf3 Nf6 4. Nc3 dxc4 5. a4 e6 6. e3 c5 7. Bxc4 cxd4 8. exd4
Be7 9. O-O O-O 10. Qe2 Nc6 11. Rd1 Nd5 12. Qe4 Nf6 13. Qh4 Nd5 14. Qg3 Bd6 15.
Qg4 Re8 16. Bg5 Be7 17. h4 Bd7 18. Bd3 Ncb4 19. Ne5 Nxd3 20. Rxd3 Bc6 21. Bh6 g6
22. h5 Nf6 23. Qh3 Qd6 24. Re1 Bf8 25. hxg6 fxg6 26. Rg3 Bxh6 27. Qxh6 Qf8 28.
Qh3 Rac8 29. Nxc6 Rxc6 30. Rge3 Qd6 31. Nb5 Qd7 32. Nxa7 Ra6 33. Nb5 Rxa4 34.
Rxe6 Rxe6 35. Rxe6 Kg7 36. Rb6 Ng4 37. Na3 Rxd4 38. Qc3 Kh6 39. Qc1+ Kg7 40. Qc3
Kh6 41. Qc1+ Kg7 1/2-1/2

[Event "15th Karpov GM 2014"]
[Site "Poikovsky RUS"]
[Date "2014.05.14"]
[Round "4.3"]
[White "Sutovsky, Emil"]
[Black "Morozevich, Alexander"]
[Result "0-1"]
[WhiteTitle "GM"]
[BlackTitle "GM"]
[WhiteElo "2642"]
[BlackElo "2719"]
[WhiteFideId "2802007"]
[BlackFideId "4116992"]
[EventDate "2014.05.11"]

1. e4 c5 2. Nf3 e6 3. Nc3 Nc6 4. d4 cxd4 5. Nxd4 Qc7 6. Be3 a6 7. Qd2 Be7 8.
O-O-O Nf6 9. f4 b5 10. e5 b4 11. exf6 bxc3 12. Qxc3 Bxf6 13. g4 Bb7 14. g5 Bxd4
15. Rxd4 O-O 16. Rd2 Rfc8 17. Rg1 Qd8 18. Bd4 Ne7 19. Qd3 Qa5 20. a3 Qa4 21. Bh3
Nd5 22. Kb1 Nxf4 23. Qe3 Ng6 24. Rf1 Qb5 25. Qf2 Rf8 26. Bc5 Ne5 27. Bxf8 Rxf8
28. Rd4 Bd5 29. Rb4 Qc6 30. Qa7 Qc8 31. Rbf4 Nc4 32. R4f2 g6 33. Bg2 Bxg2 34.
Rxg2 Qc6 35. Rgf2 Qb5 36. Qd4 Nxa3+ 37. Kc1 Nc4 38. h4 d5 39. b3 Nd6 40. h5 gxh5
41. Rh1 Nf5 42. Qf6 Qc5 43. Rxf5 exf5 44. Rxh5 Re8 45. Rh1 Qe3+ 46. Kb1 Qe6 47.
Rh6 a5 48. Ka2 Qe4 49. Rh2 a4 50. Kb2 Re6 51. Qc3 axb3 52. cxb3 f4 53. b4 d4 54.
Qc8+ Re8 55. Qc4 Qe3 56. b5 f3 0-1

[Event "15th Karpov GM 2014"]
[Site "Poikovsky RUS"]
[Date "2014.05.14"]
[Round "4.5"]
[White "Bologan, Viktor"]
[Black "Nepomniachtchi, Ian"]
[Result "0-1"]
[WhiteTitle "GM"]
[BlackTitle "GM"]
[WhiteElo "2655"]
[BlackElo "2735"]
[WhiteFideId "13900048"]
[BlackFideId "4168119"]
[EventDate "2014.05.11"]

1. d4 f5 2. Nf3 Nf6 3. g3 g6 4. Bg2 Bg7 5. O-O O-O 6. c3 a5 7. Nbd2 Nc6 8. Re1
d5 9. Nb3 Ne4 10. a4 e6 11. Bf4 g5 12. Be5 Bh6 13. Rf1 g4 14. Ne1 Nxe5 15. dxe5
c5 16. Bxe4 dxe4 17. Nxc5 Qb6 18. b4 Rd8 19. Qb3 Rd5 20. Qc4 Qc7 21. Nc2 b6 22.
Nd4 Rxe5 23. Nb5 Qe7 24. Nb3 e3 25. Qd4 exf2+ 26. Rxf2 Re4 27. Qxb6 axb4 28.
cxb4 Be3 29. N3d4 Bb7 30. Rd1 Ra6 31. Qc5 Qxc5 32. bxc5 Re5 33. Nd6 Ba8 34. Nc4
Bxf2+ 35. Kxf2 Rxc5 36. Ne3 Kf7 37. Nb3 Rc3 38. Nc1 Be4 39. Na2 Ra3 0-1

[Event "15th Karpov GM 2014"]
[Site "Poikovsky RUS"]
[Date "2014.05.16"]
[Round "5.1"]
[White "Morozevich, Alexander"]
[Black "Saric, Ivan"]
[Result "1/2-1/2"]
[WhiteTitle "GM"]
[BlackTitle "GM"]
[WhiteElo "2719"]
[BlackElo "2666"]
[WhiteFideId "4116992"]
[BlackFideId "14508150"]
[EventDate "2014.05.11"]

1. e4 e5 2. Nf3 Nc6 3. Bb5 a6 4. Ba4 Nf6 5. d3 b5 6. Bb3 Be7 7. a4 b4 8. Nbd2
O-O 9. Nc4 d6 10. h3 h6 11. a5 Be6 12. O-O Rb8 13. Be3 Qc8 14. Qe2 Rd8 15. Rfd1
Bf8 16. Nfd2 d5 17. exd5 Bxd5 18. Ba4 Qe6 19. Re1 Ne7 20. Qf1 Ng6 21. f3 Nd7 22.
c3 Nc5 23. Bc2 Qc6 24. Bf2 b3 25. Bb1 Re8 26. Ne3 Nf4 27. d4 exd4 28. cxd4 Nce6
29. g3 Bb4 30. Nxd5 Nxd5 31. Rc1 Qd7 32. Ne4 Ng5 33. Nxg5 hxg5 34. Be4 Rb5 35.
Qc4 Bxa5 36. Kg2 Rd8 37. Qe2 Nb4 38. Qc4 Bb6 39. Qxb3 Bxd4 40. Bxd4 Qxd4 41. Rd1
Nc6 42. Rxd4 Rxb3 43. Rxd8+ Nxd8 44. Rxa6 Rxb2+ 45. Kf1 Kf8 46. Ra7 Ne6 47. Bd5
Rc2 48. Bxe6 fxe6 49. Ra5 c5 50. Ra7 c4 51. Rc7 c3 52. Ke1 Rg2 53. Rxc3 Rxg3 54.
Kf2 Rxh3 55. Rc7 Rh2+ 56. Kg3 Rd2 57. Kg4 Rd5 58. Rb7 Rf5 59. Ra7 Rf4+ 60. Kg3
Rf7 61. Ra5 Rf5 62. Ra7 Kg8 63. Re7 Re5 64. Kg4 Re3 65. Ra7 Kh7 66. Ra5 Kh6 67.
Rxg5 Rxf3 68. Rxg7 Rf1 69. Re7 Rf6 70. Ra7 Kg6 71. Re7 Kh6 1/2-1/2

[Event "15th Karpov GM 2014"]
[Site "Poikovsky RUS"]
[Date "2014.05.16"]
[Round "5.2"]
[White "Jakovenko, Dmitry"]
[Black "Sutovsky, Emil"]
[Result "1-0"]
[WhiteTitle "GM"]
[BlackTitle "GM"]
[WhiteElo "2730"]
[BlackElo "2642"]
[WhiteFideId "4122356"]
[BlackFideId "2802007"]
[EventDate "2014.05.11"]

1. d4 Nf6 2. c4 g6 3. g3 Bg7 4. Bg2 d5 5. cxd5 Nxd5 6. Nf3 Nb6 7. Nc3 Nc6 8. e3
O-O 9. O-O a5 10. Qe2 Be6 11. Nd2 a4 12. Rd1 Ra5 13. Rb1 Bf5 14. b4 axb3 15.
Nxb3 Bxb1 16. Nxa5 Nxa5 17. Nxb1 Qa8 18. Ba3 Re8 19. Rc1 c6 20. Bc5 Qd8 21. Bb4
Nd5 22. Be1 Qb6 23. Nc3 Nxc3 24. Rxc3 Qb1 25. Qd2 Ra8 26. Rc1 Qb5 27. Rc5 Nc4
28. Qc1 1-0

[Event "15th Karpov GM 2014"]
[Site "Poikovsky RUS"]
[Date "2014.05.16"]
[Round "5.3"]
[White "Bacrot, Etienne"]
[Black "Shirov, Alexei"]
[Result "1/2-1/2"]
[WhiteTitle "GM"]
[BlackTitle "GM"]
[WhiteElo "2721"]
[BlackElo "2703"]
[WhiteFideId "605506"]
[BlackFideId "2209390"]
[EventDate "2014.05.11"]

1. c4 c6 2. e4 d5 3. exd5 cxd5 4. d4 Nf6 5. Nc3 Nc6 6. Bg5 dxc4 7. Bxc4 Qxd4 8.
Qxd4 Nxd4 9. O-O-O e5 10. f4 Bg4 11. Nf3 Bxf3 12. gxf3 Rc8 13. fxe5 Rxc4 14.
exf6 Ne6 15. Rhe1 g6 16. Re4 Rxe4 17. Nxe4 Nxg5 18. Nxg5 Bh6 19. f4 Bxg5 20.
fxg5 h6 21. h4 hxg5 22. hxg5 Rh5 23. Rd5 Rh1+ 24. Kd2 Rh2+ 25. Kc3 Rh3+ 26. Kc4
Rh4+ 27. Kc3 Rh3+ 28. Kb4 Rh2 29. Kb3 Rh3+ 30. Ka4 Rh2 31. Rb5 b6 32. Re5+ Kd8
33. Re7 Rxb2 34. Rxf7 Ke8 35. Rg7 Rxa2+ 36. Kb3 Ra5 37. Rxg6 Rc5 38. Rg8+ Kf7
39. Rg7+ Kf8 40. g6 Rc6 41. Rf7+ Kg8 42. Kb4 a6 43. Ka4 Rc4+ 44. Ka3 Rg4 45.
Rg7+ Kf8 46. Kb3 a5 47. Rf7+ Kg8 48. Rg7+ Kf8 1/2-1/2